Ha Noi Who are you? : Beliefs and Religions = Hà Nội, Bạn là ai? : Tín ngưỡng và Tôn giáo
Giới thiệu tổng quan về tín ngưỡng Việt Nam như thờ Phồn thực, Thờ cúng tổ tiên, các nghi lễ,...
محفوظ في:
| المؤلف الرئيسي: | |
|---|---|
| التنسيق: | كتاب |
| اللغة: | Undetermined |
| منشور في: |
Hà Nội
Nxb Hà Nội
2010
|
| الموضوعات: | |
| الوسوم: |
إضافة وسم
لا توجد وسوم, كن أول من يضع وسما على هذه التسجيلة!
|
| Thư viện lưu trữ: | Trung tâm Học liệu Trường Đại học Cần Thơ |
|---|
| LEADER | 00870nam a2200217Ia 4500 | ||
|---|---|---|---|
| 001 | CTU_164589 | ||
| 008 | 210402s9999 xx 000 0 und d | ||
| 082 | |a 200.959731 | ||
| 082 | |b H566 | ||
| 100 | |a Hữu Ngọc | ||
| 245 | 0 | |a Ha Noi Who are you? : Beliefs and Religions = | |
| 245 | 0 | |b Hà Nội, Bạn là ai? : Tín ngưỡng và Tôn giáo | |
| 245 | 0 | |c Hữu Ngọc (chủ biên) ; Lady Borton hợp tác | |
| 260 | |a Hà Nội | ||
| 260 | |b Nxb Hà Nội | ||
| 260 | |c 2010 | ||
| 520 | |a Giới thiệu tổng quan về tín ngưỡng Việt Nam như thờ Phồn thực, Thờ cúng tổ tiên, các nghi lễ,... | ||
| 650 | |a Hà Nội (Việt Nam) | ||
| 650 | |x Phong tục và đời sống tôn giáo | ||
| 904 | |i Năm | ||
| 980 | |a Trung tâm Học liệu Trường Đại học Cần Thơ | ||